Les joueurs français jouant en Serie A - Statistiques

Statistiques générales
  • Ce quiz a été pris 95 fois
    7 depuis la dernière actualisation
  • Le résultat moyen est 7 sur 31
Statistiques - réponses
Club Poste Joueur % Correct
AC Milan Gardien de but Mike Maignan
100%
AC Milan Milieu de terrain Adrien Rabiot
83%
Juventus Milieu de terrain Khephren Thuram
67%
Inter Milan Attaquant Marcus Thuram
67%
Lazio Rome Milieu de terrain Mattéo Guendouzi
67%
Juventus Défenseur Pierre Kalulu
67%
Sassuolo Attaquant Armand Laurienté
50%
AS Rome Milieu de terrain Manu Koné
50%
Côme Milieu de terrain Maxence Caqueret
33%
Lazio Rome Défenseur Samuel Gigot
33%
AC Milan Milieu de terrain Youssouf Fofana
33%
Inter Milan Milieu de terrain Andy Diouf
17%
Inter Milan Attaquant Ange-Yoan Bonny
17%
AC Milan Attaquant Christopher Nkunku
17%
Côme Attaquant Lucas Da Cunha
17%
Torino Milieu de terrain Adrien Tameze
0%
Torino Défenseur Ali Dembélé
0%
Hellas Vérone Milieu de terrain Antoine Bernede
0%
Udinese Milieu de terrain Arthur Atta
0%
Lecce Milieu de terrain Balthazar Pierret
0%
Atalanta Bergame Milieu de terrain Brandon Soppy
0%
Lecce Défenseur Gaby Jean
0%
Côme Gardien de but Jean Butez
0%
Pise Milieu de terrain Mattéo Tramoni
0%
Cagliari Milieu de terrain Michel Adopo
0%
Lecce Milieu de terrain Mohamed Kaba
0%
Torino Défenseur Niels Nkounkou
0%
Udinese Défenseur Oumar Solet
0%
Lecce Défenseur Owen Kouassi
0%
Cremonese Milieu de terrain Warren Bondo
0%
Sassuolo Défenseur Woyo Coulibaly
0%
Aucun quiz correspondant
Distribution des résultats
% des personnes avec chaque résultat
Percentile par nombre de réponses
Votre historique - résultats
Vous n’avez pas pris ce quiz depuis la dernière actualisation